[Event "IRI-ch U14"]
[Site "Chess.com INT"]
[Date "2021.01.16"]
[Round "10"]
[White "Hoshangi, Amir Ali"]
[Black "Arabi, Hirad"]
[Result "1/2-1/2"]
[WhiteElo "1072"]
[BlackElo "1314"]
[PlyCount "109"]
[EventDate "2021.01.16"]
[EventType "swiss"]
[EventRounds "11"]
[EventCountry "IRI"]
[SourceTitle "EXT 2022"]
[Source "ChessBase"]
[SourceDate "2021.10.06"]
[SourceVersion "1"]
[SourceVersionDate "2021.10.06"]
[SourceQuality "1"]

1. d4 Nf6 2. c4 g6 3. Nc3 d5 4. Bg5 Bg7 5. e3 0-0 6. Nf3 c6 7. cxd5 Nxd5 8. Bd3 h6 9. Bh4 g5 10. Bg3 f5 11. Be5 Nd7 12. Bxg7 Kxg7 13. Nxd5 cxd5 14. Qc2 e6 15. 0-0-0 Nf6 16. Kb1 Bd7 17. Ne5 Rc8 18. Qd2 Ne4 19. Bxe4 fxe4 20. Nxd7 Qxd7 21. Rc1 Rf7 22. Rxc8 Qxc8 23. Rc1 Qf8 24. Rc2 Qd6 25. g3 b6 26. Qc3 h5 27. Kc1 Qf8 28. Qd2 g4 29. Kd1 Re7 30. Qe2 e5 31. dxe5 Rxe5 32. Rc7+ Re7 33. Rxe7+ Qxe7 34. Qd2 Qc5 35. Qd4+ Kf7 36. a3 Qxd4+ 37. exd4 Ke6 38. Kd2 a5 39. a4 Kf5 40. Ke3 Kg5 41. b3 Kf5 42. Kd2 Kg5 43. Ke2 Kf5 44. Ke3 Kg5 45. Ke2 h4 46. Ke3 h3 47. Kd2 Kg6 48. Ke2 Kf5 49. Ke3 Kg5 50. Ke2 Kf6 51. Kd2 Kg5 52. Ke2 Kf6 53. Kd2 Ke6 54. Ke3 Kf5 55. Ke2 1/2-1/2

[Event "IRI-ch U14"]
[Site "Chess.com INT"]
[Date "2021.01.16"]
[Round "2"]
[White "Hoshangi, Amir Ali"]
[Black "Khanjani, Rastin"]
[Result "1-0"]
[WhiteElo "1072"]
[BlackElo "1513"]
[PlyCount "101"]
[EventDate "2021.01.16"]
[EventType "swiss"]
[EventRounds "11"]
[EventCountry "IRI"]
[SourceTitle "EXT 2022"]
[Source "ChessBase"]
[SourceDate "2021.10.06"]
[SourceVersion "1"]
[SourceVersionDate "2021.10.06"]
[SourceQuality "1"]

1. d4 Nf6 2. c4 g6 3. Nc3 Bg7 4. e4 d6 5. f3 0-0 6. Be3 e5 7. d5 Nbd7 8. Bd3 Nh5 9. Nge2 c6 10. dxc6 bxc6 11. Bc2 Nb6 12. b3 f5 13. Qd2 Qf6 14. Bg5 Qe6 15. Rd1 Bf6 16. Bxf6 Rxf6 17. 0-0 f4 18. Na4 Nxa4 19. bxa4 Ba6 20. c5 Rd8 21. Bb3 Bc4 22. Qb4 Bxb3 23. Qxb3 Qxb3 24. axb3 d5 25. exd5 cxd5 26. Nc3 d4 27. Ne4 Ra6 28. Rd3 Nf6 29. Nxf6+ Rxf6 30. Re1 Rd5 31. Rc1 Rc6 32. b4 a5 33. b5 Rdxc5 34. Rb1 Rc1+ 35. Rd1 Rxd1+ 36. Rxd1 Rc4 37. Rb1 Rc8 38. b6 Kf7 39. Rb5 Ke6 40. Rxa5 d3 41. Kf2 Kd6 42. Rb5 Kc6 43. Ke1 Kb7 44. Kd2 Rc2+ 45. Kxd3 Rxg2 46. a5 Ra2 47. Rxe5 h6 48. Ke4 g5 49. Re7+ Kb8 50. Kd5 Rxa5+ 51. Kc6 1-0

[Event "IRI-ch U14"]
[Site "Chess.com INT"]
[Date "2021.01.16"]
[Round "5"]
[White "Hoshangi, Amir Ali"]
[Black "Shakeri, Amirali"]
[Result "1/2-1/2"]
[WhiteElo "1072"]
[BlackElo "1599"]
[PlyCount "93"]
[EventDate "2021.01.16"]
[EventType "swiss"]
[EventRounds "11"]
[EventCountry "IRI"]
[SourceTitle "EXT 2022"]
[Source "ChessBase"]
[SourceDate "2021.10.06"]
[SourceVersion "1"]
[SourceVersionDate "2021.10.06"]
[SourceQuality "1"]

1. d4 c5 2. d5 Nf6 3. c4 b5 4. Nf3 bxc4 5. Nc3 g6 6. e4 d6 7. Bxc4 Bg7 8. 0-0 0-0 9. Bf4 Ba6 10. Qe2 Qb6 11. Rab1 Bxc4 12. Qxc4 Qb4 13. Qe2 Nbd7 14. Qc2 Rfc8 15. Rfe1 Rab8 16. a3 Qb7 17. Re2 Ng4 18. h3 Nge5 19. Bxe5 Nxe5 20. Nxe5 Bxe5 21. Rc1 Qb3 22. g3 c4 23. Kg2 Bxc3 24. Qxc3 Qxc3 25. Rxc3 Rb3 26. Rec2 Rxc3 27. Rxc3 Rc5 28. f4 e6 29. dxe6 fxe6 30. Kf3 Kf7 31. g4 d5 32. e5 Rb5 33. Rc2 Rb3+ 34. Kg2 h5 35. Rd2 h4 36. Rf2 d4 37. Rd2 c3 38. bxc3 dxc3 39. Rd7+ Ke8 40. Rxa7 Kd8 41. Ra4 c2 42. Rd4+ Ke7 43. Rc4 Rb2 44. Kf3 Rb3+ 45. Kg2 Rb2 46. Kf3 Rb3+ 47. Kg2 1/2-1/2